• 首页
  • 本馆介绍
  • 公告通知
  • 最新文献
  • 馆藏检索
  • 电子资源
  • 读者导购
  • 参考咨询
  • 我的图书馆
  • 登录
  • 详细信息显示
  • 放入我的书架
  • 预约/预借图书
  • 作者相关作品
  • 分类相关作品
  • 丛书相关作品
  • 出版社相关作品

书目信息

  • 表格格式
  • 工作单格式
  • 卡片格式
题名:
动物种业科技创新战略研究报告
    
 
作者: 贾敬敦 著
分册:  
出版信息: 北京   科学出版社  2015.06
页数: 731页
开本: 29cm
丛书名:
单 册:
中图分类: S814
科图分类:
主题词: 动物--繁殖--科学技术--研究报告
电子资源:
ISBN: 978-7-03-044229-1
000 01147nam0 2200229 450
001 4668
005 20181012152325.83
010    @a978-7-03-044229-1@dCNY298.00
100    @a20150920d2015 em y0chiy50 ea
101 0  @achi
102    @aCN@b110000
105    @aab z 001yy
200 1  @a动物种业科技创新战略研究报告@9dong wu zhong ye ke ji chuang xin zhan lue yan jiu bao gao@f贾敬敦[等]主编
210    @a北京@c科学出版社@d2015.06
215    @a731页@c图,照片,地图@d29cm
330    @a本书首次将畜禽、水产、实验动物、特种经济动物、服务类动物等不同种业统筹纳入大动物种业体系,依据种业创新的四个层面,即基础研究与学科建设、前沿研发与技术创新、集成示范与成果转化、种业创新的组织形式与商业模式,抓住种业产业链中种质资源、核心种群、选育扩繁、产业化示范等关键技术环节,对我国动物种业的背景、现状、趋势逐一分析,对未来5-10年的发展重点进行规划,以期为动物种业科技创新的顶层设计提供参考。
510 1  @aStudy report on scientific innovation strategy for animal breeding industry@zeng
606 0  @a动物@x繁殖@x科学技术@x研究报告
690    @aS814@v5
701  0 @a贾敬敦@9jia jing dun@4著
801  0 @aCN@b91MARC@c20150920
905    @aMuseLib@dS814@e171
    
    动物种业科技创新战略研究报告/贾敬敦[等]主编.-北京:科学出版社,2015.06
    731页:图,照片,地图;29cm
    
    
    ISBN 978-7-03-044229-1:CNY298.00
    本书首次将畜禽、水产、实验动物、特种经济动物、服务类动物等不同种业统筹纳入大动物种业体系,依据种业创新的四个层面,即基础研究与学科建设、前沿研发与技术创新、集成示范与成果转化、种业创新的组织形式与商业模式,抓住种业产业链中种质资源、核心种群、选育扩繁、产业化示范等关键技术环节,对我国动物种业的背景、现状、趋势逐一分析,对未来5-10年的发展重点进行规划,以期为动物种业科技创新的顶层设计提供参考。
●
相关链接 在E读中查询图书 在五车中查询图书 在当当中查询图书 在豆瓣中查询图书


正题名:动物种业科技创新战略研究报告     索取号:S814/171         预约/预借

序号 登录号 条形码 馆藏地/架位号 状态 备注
1 1126171   211261711   第二样本阅览室/ [索取号:S814/171] 在馆    
2 1126172   211261720   第三借阅区/ [索取号:S814/171] 在馆    
唐山师范学院图书馆 欢迎您!
大连网信软件有限公司© 版权所有